Mecca (Record no. 41332)

MARC details
000 -LEADER
fixed length control field 00630nam a2200241 i 4500
001 - CONTROL NUMBER
control field C2-0132299
003 - CONTROL NUMBER IDENTIFIER
control field PPAK
005 - DATE AND TIME OF LATEST TRANSACTION
control field 20180727122837.0
008 - FIXED-LENGTH DATA ELEMENTS--GENERAL INFORMATION
fixed length control field 971022s1993 enka|||| ||||| | eng d
020 ## - INTERNATIONAL STANDARD BOOK NUMBER
International Standard Book Number 0237512521
040 ## - CATALOGING SOURCE
Original cataloging agency PPAK
Language of cataloging eng
Transcribing agency PPAK
Description conventions rda
082 04 - DEWEY DECIMAL CLASSIFICATION NUMBER
Classification number 953.8
Edition number 23
090 00 - LOCALLY ASSIGNED LC-TYPE CALL NUMBER (OCLC); LOCAL CALL NUMBER (RLIN)
Classification number (OCLC) (R) ; Classification number, CALL (RLIN) (NR) 953.8
Feature heading SHA
Feature heading RK
100 1# - MAIN ENTRY--PERSONAL NAME
Personal name Shahrukh, Husain,
Relator term author
245 10 - TITLE STATEMENT
Title Mecca
264 #1 - PRODUCTION, PUBLICATION, DISTRIBUTION, MANUFACTURE, AND COPYRIGHT NOTICE
Place of production, publication, distribution, manufacture London :
Name of producer, publisher, distributor, manufacturer Evans Brothers ,
Date of production, publication, distribution, manufacture, or copyright notice 1993
300 ## - PHYSICAL DESCRIPTION
Extent 46 pages :
Other physical details colour illustrations ;
Dimensions 29 cm
336 ## - CONTENT TYPE
Source rdacontent
Content type term text
337 ## - MEDIA TYPE
Source rdamedia
Media type term unmediated
338 ## - CARRIER TYPE
Source rdacarrier
Carrier type term volume
650 10 - SUBJECT ADDED ENTRY--TOPICAL TERM
Topical term or geographic name entry element Sacred space
942 ## - ADDED ENTRY ELEMENTS (KOHA)
-- dc
Koha item type Book
Holdings
Withdrawn Not for loan Current library Shelving location Date acquired Full call number Barcode Date last seen Koha item type
  Not For Loan Perpustakaan Alor Setar Rujukan Kanak-kanak 22/10/1997 RK 953.8 SHA A00086070 08/05/2018 Book
  Not For Loan Perpustakaan Awam Sungai Petani Rujukan Kanak-kanak 22/10/1997 RK 953.8 SHA A00086071 08/05/2018 Book
  Not For Loan Perpustakaan Jitra Rujukan Kanak-kanak 22/10/1997 RK 953.8 SHA A00086072 08/05/2018 Book
  Not For Loan Perpustakaan Langkawi Rujukan Kanak-kanak 22/10/1997 RK 953.8 SHA A00086073 08/05/2018 Book